| 000 | 00568nam a22001457a 4500 | ||
|---|---|---|---|
| 020 | _a978-0-330-45804-7 | ||
| 082 |
_a823 _bMIT/G |
||
| 100 | _aMITCHELL MARGARET | ||
| 245 | _aCONE WITH THE WIND | ||
| 260 |
_aLONDON _bPAN BOOKS |
||
| 300 | _a984 | ||
| 520 | _aIt focuses on Scarlett O'Hara, the beautiful daughter of a wealthy planter. The novel follows Scarlett through the Civil War and the Reconstruction period in the South. Scarlett's foolish longing for the love of Ashley Wilkes is central to the plot as well. | ||
| 650 |
_aNOVEL,ENGLISH _zLONDON |
||
| 942 | _cBK | ||
| 999 |
_c2449 _d2449 |
||